[Event "ESP-23ch corr"]
[Site "AEAC email"]
[Date "2003.11.25"]
[Round "?"]
[White "Benlloch Guirau, Alvaro"]
[Black "Paredes Prat, Josep"]
[Result "1-0"]
[WhiteElo "2066"]
[BlackElo "2379"]
[PlyCount "71"]
[EventDate "2003.11.25"]
[EventType "tourn (corr)"]
[EventRounds "12"]
[EventCountry "ESP"]
[SourceTitle "Telechess CBM 110"]
[Source "ChessBase"]
[SourceDate "2006.01.31"]
[SourceVersion "1"]
[SourceVersionDate "2006.01.31"]
[SourceQuality "1"]

1. d4 d5 2. c4 e6 3. Nc3 Nf6 4. Nf3 Be7 5. Bf4 0-0 6. e3 c6 7. Qc2 Nbd7 8. h3 b6 9. Bd3 Ba6 10. cxd5 Bxd3 11. Qxd3 cxd5 12. 0-0 a6 13. Rfc1 Re8 14. a4 Bb4 15. Na2 Qe7 16. Rc6 Ne4 17. Rac1 Bd6 18. Bxd6 Nxd6 19. Qa3 Ne4 20. Qxe7 Rxe7 21. Rc8+ Rxc8 22. Rxc8+ Nf8 23. Rb8 b5 24. a5 Nd6 25. Ra8 Rc7 26. Rxa6 Nc8 27. Ne5 f6 28. Rc6 Rxc6 29. Nxc6 Nd7 30. Nab4 Nd6 31. Nd8 Nc4 32. a6 e5 33. dxe5 fxe5 34. Nxd5 Ndb6 35. a7 Na8 36. Ne6 1-0

[Event "ESP-23ch corr"]
[Site "AEAC email"]
[Date "2003.11.25"]
[Round "?"]
[White "Bocanegra Moreno, Rufino"]
[Black "Paredes Prat, Josep"]
[Result "1-0"]
[WhiteElo "2300"]
[BlackElo "2379"]
[PlyCount "49"]
[EventDate "2003.11.25"]
[EventType "tourn (corr)"]
[EventRounds "12"]
[EventCountry "ESP"]
[SourceTitle "Telechess CBM 110"]
[Source "ChessBase"]
[SourceDate "2006.01.31"]
[SourceVersion "1"]
[SourceVersionDate "2006.01.31"]
[SourceQuality "1"]

1. d4 d5 2. e4 dxe4 3. Nc3 Nf6 4. f3 exf3 5. Nxf3 g6 6. Bc4 Bg7 7. 0-0 0-0 8. Qe1 Nc6 9. Qh4 Bg4 10. Ne2 Bf5 11. c3 Na5 12. Bb5 a6 13. Ba4 Bd3 14. Re1 b5 15. Bd1 Nc4 16. b3 Nb6 17. Bh6 Rc8 18. Nf4 Bxh6 19. Qxh6 Bf5 20. Ng5 Qd7 21. Rf1 Rfe8 22. g4 Bxg4 23. Bc2 Rf8 24. Nd3 Be2 25. Ne5 1-0

[Event "ESP-23ch corr"]
[Site "AEAC email"]
[Date "2003.11.25"]
[Round "?"]
[White "Cruzado Duenas, Carlos"]
[Black "Paredes Prat, Josep"]
[Result "1/2-1/2"]
[WhiteElo "2406"]
[BlackElo "2379"]
[PlyCount "38"]
[EventDate "2003.11.25"]
[EventType "tourn (corr)"]
[EventRounds "12"]
[EventCountry "ESP"]
[SourceTitle "Telechess CBM 110"]
[Source "ChessBase"]
[SourceDate "2006.01.31"]
[SourceVersion "1"]
[SourceVersionDate "2006.01.31"]
[SourceQuality "1"]

1. e4 c5 2. Nf3 d6 3. d4 cxd4 4. Nxd4 Nf6 5. Nc3 a6 6. Bg5 e6 7. f4 Qb6 8. Nb3 Nbd7 9. Qf3 Be7 10. 0-0-0 Qc7 11. g4 b5 12. Bxf6 Nxf6 13. g5 Nd7 14. a3 Rb8 15. h4 b4 16. axb4 Rxb4 17. Rd4 Rxd4 18. Nxd4 Qb6 19. Nb3 Bb7 1/2-1/2

[Event "ESP-23ch corr"]
[Site "AEAC email"]
[Date "2003.11.25"]
[Round "?"]
[White "Lozano Diaz, Antonio"]
[Black "Paredes Prat, Josep"]
[Result "1/2-1/2"]
[WhiteElo "2154"]
[BlackElo "2379"]
[PlyCount "42"]
[EventDate "2003.11.25"]
[EventType "tourn (corr)"]
[EventRounds "12"]
[EventCountry "ESP"]
[SourceTitle "Telechess CBM 110"]
[Source "ChessBase"]
[SourceDate "2006.01.31"]
[SourceVersion "1"]
[SourceVersionDate "2006.01.31"]
[SourceQuality "1"]

1. d4 d5 2. c4 e6 3. Nc3 Nf6 4. Nf3 Be7 5. Bg5 h6 6. Bxf6 Bxf6 7. e3 c6 8. Qc2 Nd7 9. Be2 b6 10. cxd5 cxd5 11. 0-0 a6 12. Rfc1 Bb7 13. Bd3 Rc8 14. a4 0-0 15. Qe2 Nb8 16. Rab1 Qd6 17. b4 g6 18. Rc2 Rc7 19. b5 a5 20. e4 dxe4 21. Bxe4 Qa3 1/2-1/2

[Event "ESP-23ch corr"]
[Site "AEAC email"]
[Date "2003.11.25"]
[Round "?"]
[White "Paredes Prat, Josep"]
[Black "Roig Grau, Jesus"]
[Result "1/2-1/2"]
[WhiteElo "2379"]
[BlackElo "2443"]
[PlyCount "33"]
[EventDate "2003.11.25"]
[EventType "tourn (corr)"]
[EventRounds "12"]
[EventCountry "ESP"]
[SourceTitle "Telechess CBM 110"]
[Source "ChessBase"]
[SourceDate "2006.01.31"]
[SourceVersion "1"]
[SourceVersionDate "2006.01.31"]
[SourceQuality "1"]

1. c4 e5 2. Nc3 d6 3. g3 f5 4. Bg2 Nf6 5. d3 g6 6. e4 Bg7 7. Nge2 0-0 8. 0-0 c6 9. exf5 gxf5 10. d4 Na6 11. b3 Re8 12. Bb2 Nc7 13. Qc2 e4 14. f3 d5 15. Rae1 Ne6 16. Nd1 Ng5 17. Nf4 1/2-1/2